00451nam a2200157Ia 4500008004100000020001500041082001400056100002500070245003400095250000700129260004200136300002500178500001900203600002100222650005000243240925s9999 xx 000 0 und d a8178080990 a005.3 HUM aHumphrey ,Watts S. 0aManaging the Software Process aNA aSingapore:bPearson educationc,2004. a706p.bNAfPhotocopy aIncludes Index aComputer Science aComputer science, information & general works